000 00204 a2200097 4500
001 4394
100 _aHenney,
245 _aRadio engineering hand book
260 _a
_bMcgrawhill
_c
090 _c3591
_d3591
942 _aNUST-CAE
_cM
_c28791
999 _c239467
_d239467